| 000 | 00920nam a2200277 i 4500 | ||
|---|---|---|---|
| 001 | 14495 | ||
| 003 | ES-MaACL | ||
| 005 | 20250728062554.0 | ||
| 007 | t| | ||
| 008 | 970620s1996 sp ||||0| spa j | ||
| 020 | _a84-7476-230-8 | ||
| 040 |
_aM-BN _bspa _cM-BN |
||
| 080 | _a316.752(460)(049.5) | ||
| 100 | 1 |
_aAndrés Orizo, Francisco. _921615 |
|
| 245 | 1 | 0 |
_aSistemas de valores en la España de los 90 / _cFrancisco Andrés Orizo. |
| 250 | _a1ª ed. | ||
| 260 |
_aMadrid : _bCentro de Investigaciones Sociológicas : _bSiglo XXI de España, _c1996. |
||
| 300 |
_aLXIV, 364 p. ; _c21 cm. |
||
| 490 | 1 |
_aMonografías ; _v150 |
|
| 650 | 1 | 4 |
_aValores sociales- _zEspaña- _vEncuestas. _917732 |
| 650 | 1 | 7 |
_aEncuestas _9227290 _2embne |
| 830 | 0 | 0 |
_aMonografías (Centro de Estudios Benaventanos "Ledo del Pozo") _v150 _9177262 |
| 852 |
_aES-MaACL _jL-21749 _bR.126976 |
||
| 942 | _2udc | ||
| 999 |
_c14495 _d14495 |
||